LEADER 01036nam a2200253 u 4500 001 000000057247 003 CaOOAMICUS 005 20070226120548.0 008 010504s1987 it u000 u ita u 035 $a10887233 040 $aPUL(R)$bita 100 1 $aGaluzzi, Alessandro Maria,$cO.M.,$d1941-1997.$0(OLS)http://pul/name/7972 245 10$aAppunti di metodologia /$cAlessandro Galuzzi. 250 $a5. ed. 260 $aRoma :$bLibreria editrice della Pontificia Università Lateranense,$c1987. 300 $a97 p. ;$c22 cm 504 $aRiferimenti bibliografici all'interno del testo. 650 4$aMetodologia.$0(OLS)http://pul/subject/1971 850 $aPUL 852 $aPUL$W1$xSL Religione 1$y3$m61 B 56$j74926$nBK-PRI$b $qStampati$B74926$CPULBib$Z2$F74926 $H $81 941 1 $a8 961 $aINV: 59239 996 $6245$aAppunti di metodologia$9(OLS)http://pul/title/11642 996 $6260$aRoma :$bLibreria editrice della Pontificia Università Lateranense$9(OLS)http://pul/publisher/48152 LEADER 01328nam a2200337 a 4500 001 000000140680 003 CaOOAMICUS 005 20141202102502.0 008 141202s2009 it 001 0 ita r 020 $z9788881016136* 040 $aPUL$bita 082 04$a342.0852 100 1 $aCiotola, Claudia,$d1975-$0(OLS)http://pul/name/78231 245 12$aI ministri di culto in Italia /$cClaudia Ciotola. 260 $aCosenza :$bLuigi Pellegrini$g2009 300 $a206 p. ;$c22 cm 490 1 $aDiritto e religioni ;$v12 504 $aBibliografia in nota. 650 4$aDiritto ecclesiastico.$0(OLS)http://pul/subject/6 650 4$aSacerdoti.$0(OLS)http://pul/subject/9003 830 0$aDiritto e religioni ;$v12.$0(OLS)http://pul/title/137314 850 $aPUL 852 $aPUL$W1$xSL Diritto e Scienze Sociali 3$y79$m342. 0852 COLL 1.12$j162484$qDDC 21$B162031$CPULBib$Z2$F162031 $H125003 $82 941 1 $a9 960 $aDiritto e religione$96 960 $aDiritto e religione$96 996 $6020$z9788881016136*$9(OLS)http://pul/number/156387 996 $6082$a342.0852$9(OLS)http://pul/classification/424 996 $6245$aI ministri di culto in Italia$9(OLS)http://pul/title/178031 996 $6260$aCosenza :$bLuigi Pellegrini$9(OLS)http://pul/publisher/72408